Университетский комплекс КубГТУ: инновации, качество, потребительский аспект

Bibliografske podrobnosti
Glavni avtor: Петрик А. А. Анатолий Алексеевич
Korporativna značnica: Кубанский государственный технологический университет
Drugi avtorji: Лобанов В. Г. Владимир Григорьевич, Симанков В.С. Владимир Сергеевич
Izvleček:Рассмотрен один из актуальных аспектов модернизации национальной системы высшего профессионального образования - обеспечение качества подготовки специалистов в условиях возрастающей конкуренции с западными компаниями и вступления России в ВТО. Сформулирована современная Концепция развития вуза, направленная на упрочение его лидирующего положения на региональном и национальном рынках. Описано развитие системы менеджмента качества Университетского комплекса КубГТУ на основе критериев модели Премии Министерства образования и науки РФ в области качества. Аналитический характер исследования подтверждается многочисленными иллюстрациями и таблицами.
Jezik:ruščina
Izdano: Краснодар, Изд-во Кубан. ГТУ, 2006
Teme:
Format: Knjiga
KOHA link:https://koha.lib.tpu.ru/cgi-bin/koha/opac-detail.pl?biblionumber=68500

MARC

LEADER 00000nam0a2200000 4500
001 68500
005 20231031074922.0
010 |a 5834400426 
035 |a (RuTPU)RU\TPU\book\72950 
090 |a 68500 
100 |a 20041006d2006 k y0rusy50 ca 
101 0 |a rus 
102 |a RU 
105 |a a z 000zy 
200 1 |a Университетский комплекс КубГТУ: инновации, качество, потребительский аспект  |f А. А. Петрик, В. Г. Лобанов, В.С. Симанков  |g Кубанский государственный технологический университет 
210 |a Краснодар  |c Изд-во Кубан. ГТУ  |d 2006 
215 |a 320 с.  |c ил. 
318 |5 63413507  |a Качество образования и система его обеспечения в высшем учебном заведении  |b выставка 
330 |a Рассмотрен один из актуальных аспектов модернизации национальной системы высшего профессионального образования - обеспечение качества подготовки специалистов в условиях возрастающей конкуренции с западными компаниями и вступления России в ВТО. Сформулирована современная Концепция развития вуза, направленная на упрочение его лидирующего положения на региональном и национальном рынках. Описано развитие системы менеджмента качества Университетского комплекса КубГТУ на основе критериев модели Премии Министерства образования и науки РФ в области качества. Аналитический характер исследования подтверждается многочисленными иллюстрациями и таблицами. 
610 1 |a образование 
610 1 |a педагогика 
610 1 |a высшее образование 
610 1 |a вузы 
610 1 |a университетское образование 
610 1 |a специалисты 
610 1 |a подготовка 
610 1 |a качество 
610 1 |a инновации 
686 |a Ч484(2)71  |v LBC/SL-A  |2 rubbk 
700 1 |a Петрик  |b А. А.  |g Анатолий Алексеевич 
701 1 |a Лобанов  |b В. Г.  |g Владимир Григорьевич 
701 1 |a Симанков  |b В.С.  |g Владимир Сергеевич 
712 0 2 |a Кубанский государственный технологический университет  |2 stltpush  |3 (RuTPU)RU\TPU\col\45 
801 1 |a RU  |b 63413507  |c 20041006  |g PSBO 
801 2 |a RU  |b 63413507  |c 20091130  |g PSBO 
942 |c BK